Combination 2 /

Uloženo v:
Podrobná bibliografie
Hlavní autor: Sei, Leeza
Médium: Kniha
Jazyk:angličtina
Vydáno: Modena Panini 2002
Tagy: Přidat tag
Žádné tagy, Buďte první, kdo vytvoří štítek k tomuto záznamu!

MARC

LEADER 00000nam a2200000 4500
001 CDOM0000004813
003 mi
005 20251010151642.0
008 251010b |||||||| |||| 00| 0 eng d
040 |c mi 
100 |a Sei, Leeza 
245 1 |a Combination 2 /  |c Leeza Sei 
260 |a Modena  |b Panini  |c 2002 
300 |a 192 p.  |b ill.  |c 18 cm. 
942 |2 ddc  |c BK 
952 |0 0  |1 0  |2 ddc  |4 0  |6 B_FOR02SEILECOM21  |7 0  |9 7535  |a MI  |b MI  |d 2011-07-06  |i 6210  |l 0  |o B-FOR02-SEILE-COM21  |p CDOM6210  |r 2025-07-13 16:28:00  |w 2025-07-13  |y BK 
999 |c 6227  |d 6227